000 00678nam a22002297a 4500
005 20191224042234.0
008 160126b xxu||||| |||| 00| 0 spa d
040 _aCO-BoIAVH
_cCO-BoIAVH
041 _aspa
044 _ack
090 _aIAVH
_b01608
100 1 _aMarquez, Cesar
245 1 _aInvestigación para la Conservación y Manejo de las Aves Rapaces (Falconiformes y Strigiformes
260 _a[s. i.]:
_bInstituto Humboldt,
_c2003.
300 _a19 Paginas
650 6 _aAves rapaces
650 6 _aFalconiformes
650 6 _aStrigiformes
650 6 _aBiología Molecular
700 _aCar
942 _2z
_cINFORME
999 _c18027
_d18027